Miejscowości w zachodniej Wielkopolsce - Statystyki

Ogólne statystyki
  • Ten quiz został rozwiązany 3 razy
  • Średni wynik to 2 z 15
Statystyki odpowiedzi
Wskazówka Miejscowość % Poprawnych
Miasto związane z wlikniarstwem Nowy Tomyśl
67%
Miejscowość wypoczynkowa nad Jeziorem Dominickim Boszkowo-Letnisko
33%
Miejscowość o jeziornym klimacie, niedaleko Sierakowskiego Parku Krajobrazowego, ma dwuczłonową nazwę Chrzypsko Wielkie
33%
Wieś niegdyś słynna z bardzo ruchliwego skrzyżowana z dawną Drogą Krajową nr 5 Czacz
33%
Miasto w którym ujście ma Wełna Oborniki
33%
Duży węzeł kolejowy w województwie lubuskim Zbąszynek
33%
Miejscowość z lotniskiem im. Hieronima Frania Kowalskiego Kąkolewo
0%
Miejscowość blisko Poznania, z dużymi sklepami i marketami Komorniki
0%
Miejscowość, w której znajduję się Port Lotniczy Zielona Góra-Babimost Nowe Kramsko
0%
Niemiecka nazwa tego miasta to Scharfenort Ostroróg
0%
Wieś związana z nadleśnictwem, znajduje tu się baza logistyczna Porażyn
0%
Niedaleko tej miejscowości znajduje się Jezioro Duży Szarcz oraz Jezioro Chłop Pszczew
0%
Miejscowość, w której znajduje się jezioro długie na 7,7 kilometra oraz Zamek von Treskov Strykowo
0%
Miasto wokół wielu zbiorników wodnych i jezior, podczas dwudziestolecia międzywojennego słynne przejście graniczne Trzciel
0%
Miejscowość, w której kończy się obecnie Śmigielska Kolej Dojazdowa Wielichowo
0%
Nie znaleziono quizów pasujących do podanych kryteriów
Rozkład punktacji
Procent ludzi z każdym wynikiem
Percentyl według liczby udzielonych odpowiedzi
Twoja historia wyników
Nie rozwiązałeś tego quizu